LEADER 01047nas a2200217 i 4500 001 000000192487 003 CaOOAMICUS 005 20100920000000.0 008 100920b1912 it uu u0 0ita r 013 $a171066 040 $aSeMil$bita 245 13$aIl "Commonitorium" di Vincenzo Lirinese /$cTraduzione di Pietro Gilli. 260 $aGenova :$bAmministrazione del periodico I Padri della Chiesa,$cstampa 1913. 300 $a86 p. ;$c24 cm. 700 1 $aGilli, Pietro.$0(OLS)http://semarc/name/70171 700 1 $aLirinese, Vincenzo.$0(OLS)http://semarc/name/70170 773 0 $tPadri della Chiesa.$dLuogo non identificato : Genova : Amministrazione ; [poi] Amministrazione del periodico "I Padri della Chiesa", 1912-[19--?]$w()23778 850 $aSeMil 852 $aSeMil$W1$xVenegono$y1$m2U V 51$j143062$B143062$CSeMilBibl$Z2$F154439 $81 996 $6245$aIl "Commonitorium" di Vincenzo Lirinese$9(OLS)http://semarc/title/277421 996 $6260$aGenova :$bAmministrazione del periodico I Padri della Chiesa$9(OLS)http://semarc/publisher/50397 LEADER 01477nam a2200289 i 4500 001 000000219201 003 CaOOAMICUS 005 20130313000000.0 008 130313s1985 xxu u000 u eng u 013 $a198098 020 $a0-8091-2651-6 040 $aSeMil$bita 100 1 $aKarris, Robert J. .$0(OLS)http://semarc/name/76996 245 10$aLuke: artist and theologian :$bLuke's passion account as literature /$cRobert J. Karris. 260 $aMahwah :$bPaulist Press,$c1985. 300 $aviii, 130 p. ;$c21 cm. 490 0 $aTheological inquiries : studies in contemporary biblical and theological problems 650 4$aBibbia. Nuovo Testamento. Vangelo secondo Luca - Commentari, studi, critica, interpretazioni.$0(OLS)http://semarc/subject/142 650 4$aBibbia. Nuovo Testamento. Vangelo secondo Luca - Cristologia.$0(OLS)http://semarc/subject/12846 650 4$aBibbia. Nuovo Testamento. Vangelo secondo Luca - Soteriologia.$0(OLS)http://semarc/subject/12091 830 0$aTheological inquiries.$0(OLS)http://semarc/title/38250 850 $aSeMil 852 $aSeMil$W1$xVenegono$y1$m2W I 67$j169566$B169566$CSeMilBibl$Z2$F180541 $81 961 $aOmaggio: Tremolada don Pierantonio 996 $6020$a0-8091-2651-6$9(OLS)http://semarc/number/217230 996 $6245$aLuke: artist and theologian :$bLuke's passion account as literature$9(OLS)http://semarc/title/314510 996 $6260$aMahwah :$bPaulist Press$9(OLS)http://semarc/publisher/37656